Закономерности изменения радиационно-индуцированной структуры и свойств аустенитной стали в результате длительного термического воздействия: автореферат диссертации на соискание учёной степени кандидата технических наук; спец. 1.3.8
| Autor principal: | |
|---|---|
| Autor corporatiu: | |
| Altres autors: | |
| Sumari: | Заглавие с титульного экрана Электронная версия печатной публикации Защита сост. 25.09.2024 На правах рукописи Текстовый файл |
| Idioma: | rus |
| Publicat: |
Томск, 2024
|
| Matèries: | |
| Accés en línia: | https://earchive.tpu.ru/handle/11683/80478 |
| Format: | MixedMaterials Electrònic Llibre |
| KOHA link: | https://koha.lib.tpu.ru/cgi-bin/koha/opac-detail.pl?biblionumber=674171 |
MARC
| LEADER | 00000nam0a2200000 4500 | ||
|---|---|---|---|
| 001 | 674171 | ||
| 005 | 20240904095038.0 | ||
| 090 | |a 674171 | ||
| 100 | |a 20240820d2024 k||y0rusy50 ca | ||
| 101 | 0 | |a rus | |
| 102 | |a RU | ||
| 105 | |a a dm 001yy | ||
| 135 | |a drcn ---uucaa | ||
| 181 | 0 | |a i |b e | |
| 182 | 0 | |a b | |
| 183 | 0 | |a cr |2 RDAcarrier | |
| 200 | 1 | |a Закономерности изменения радиационно-индуцированной структуры и свойств аустенитной стали в результате длительного термического воздействия |e автореферат диссертации на соискание учёной степени кандидата технических наук |e спец. 1.3.8 |f Коянбаев Ерболат Тайтолеуович |g науч. рук. А. А. Ситников ; Алтайский государственный технический университет им. И. И. Ползунова | |
| 203 | |a Текст |c электронный |b визуальный | ||
| 210 | 1 | |a Томск |d 2024 | |
| 215 | |a 1 файл (2 678 КБ, 23 с.) |c pdf | ||
| 283 | |2 RDAcarrier |a online_resource | ||
| 300 | |a Заглавие с титульного экрана | ||
| 300 | |a Электронная версия печатной публикации | ||
| 300 | |a Защита сост. 25.09.2024 | ||
| 320 | |a Список основных работ, опубликованных автором по теме диссертации: с. 22-23 (16 назв.) | ||
| 333 | |a На правах рукописи | ||
| 336 | |a Текстовый файл | ||
| 610 | 1 | |a электронный ресурс | |
| 610 | 1 | |a авторефераты диссертаций | |
| 610 | 1 | |a конструкционные материалы | |
| 610 | 1 | |a ядерные установки | |
| 610 | 1 | |a радиационно-индуцированные структуры | |
| 610 | 1 | |a аустенитные стали | |
| 610 | 1 | |a термические испытания | |
| 610 | 1 | |a термическое воздействие | |
| 610 | 1 | |a физико-механические свойства | |
| 610 | 1 | |a коррозионное разрушение | |
| 700 | 1 | |a Коянбаев |b Е. Т. |g Ерболат Тайтолеуович | |
| 702 | 1 | |a Ситников |b А. А. |g Александр Андреевич |4 695 | |
| 712 | 0 | 2 | |a Алтайский государственный технический университет им. И. И. Ползунова |c (Барнаул) |c (1992- ) |9 23431 |4 070 |
| 801 | 0 | |a RU |b 63413507 |c 20240820 |g RCR | |
| 850 | |a 63413507 | ||
| 856 | 4 | |u https://earchive.tpu.ru/handle/11683/80478 |z https://earchive.tpu.ru/handle/11683/80478 | |
| 942 | |c CF | ||